00891nam a22002177a 4500003000500000005001700005008004100022010001100063011001100074035001100085040000900096100003600105245016500141260004000306500006000346502010200406650004000508650002900548650003200577856006400609CHAP20220817044446.0210711s2011 mx r 00110 spa d a101572 a102544 a113233 cCHAP1 aFlores Pineda, Yuridia Citlalli10aIdentificación de algunos generos de nematodos asociados a betabel (Beta vilgaris L.) en Chapingo, Méxicoh[En línea]c/por Yuridia Citlalli Flores Pineda aChapingo, Méx. :bEl autor,c2011 aPara ver el contenido del material haga clic en la liga aTesis(Ing. Agr. Esp. en Parasitologia Agricola) -- UACH. Departamento de Parasitologia Agrícola14aNemátodos parásitos de plantas.14aRemolachaxEnfermedades.14aRemolachazMéxico (Edo.). 3Finding aiduhttp://10.13.5.2/tesis/113233.pdfzTeclea aqui